دعا کی برکت / (Record no. 170999)

MARC details
000 -LEADER
fixed length control field 00549nam a22001817a 4500
005 - DATE AND TIME OF LATEST TRANSACTION
control field 20200101164220.0
010 ## - LCCN (DPL NO)
LC control number B-122921
020 ## - INTERNATIONAL STANDARD BOOK NUMBER
Terms of availability 12.00
035 ## - SYSTEM CONTROL NUMBER
System control number B-122921
037 ## - SOURCE OF ACQUISITION
Source of stock number/acquisition BPPD/Pub.
082 ## - DEWEY DECIMAL CLASSIFICATION NUMBER
Classification number گ
245 ## - TITLE STATEMENT
Title دعا کی برکت /
Statement of responsibility, etc ایڑیٹر - ایم ۔ کے۔ پاشا
246 ## - VARYING FORM OF TITLE
Title proper/short title Dua ki Barkat (Urdu) /
Remainder of title edited by M.K.Pasha
260 ## - PUBLICATION, DISTRIBUTION, ETC. (IMPRINT)
Place of publication, distribution, etc Delhi
Name of publisher, distributor, etc Educational Publishing House
Date of publication, distribution, etc 2005 ء
270 ## - ADDRESS
Address 3108, Vakil Street, Kuncha Pandit, Lal Kuan
City Delhi
Postal code 6
300 ## - PHYSICAL DESCRIPTION
Extent 32p.
Dimensions 22cm(pbk)
942 ## - ADDED ENTRY ELEMENTS (KOHA)
Source of classification or shelving scheme Dewey Decimal Classification
Item type Urdu Bks
Classification part گ
Call number suffix پ ا ش
Holdings
Withdrawn status Lost status Not for loan Collection code Home library Current library Date acquired Source of acquisition Cost, normal purchase price Full call number Barcode Copy number Cost, replacement price Koha item type
      Non-fiction Central Library Central Library 01/01/2020 BPPD/Ven. 12.00 گ پ ا ش B-122921 1 12.00 Urdu Bks

© Delhi Public Library
Hit Counter
free hit counter